Pennsylvania birds : an annotated list /

Bibliographic Details
Main Author: Poole, Earl L.
Format: Book
Language:English
Published: Narbeth, Pa. : Published for the Delaware Valley Ornithological Club by Livingston Pub. Co., [1964]
Subjects:

MARC

Tag First Indicator Second Indicator Subfields
LEADER 00000cam a2200000 4500
001 in00000040445
005 20151007074416.0
008 760819s1964 pauab b 00010 eng
010 |a  64007645  
035 |a (OCoLC)02384868 
035 |9 AAF1479AM 
040 |a DLC  |c PJC  |d TXA  |d UtOrBLW 
049 |a TXAM  |c [410435]  |a TXAS [knam]  |c 2 
050 0 0 |a QL684.P4  |b P6 1964 
092 |a 598.2  |b P822p, 1964 
100 1 |a Poole, Earl L. 
245 1 0 |a Pennsylvania birds :  |b an annotated list /  |c [by] Earl L. Poole. With illus. by the author. 
264 1 |a Narbeth, Pa. :  |b Published for the Delaware Valley Ornithological Club by Livingston Pub. Co.,  |c [1964] 
264 4 |c [©1964] 
300 |a viii, 94 pages :  |b illustrations, maps. ;  |c 24 cm. 
336 |a text  |b txt  |2 rdacontent 
337 |a unmediated  |b n  |2 rdamedia 
338 |a volume  |b nc  |2 rdacarrier 
504 |a Bibliography: pages 87-90. 
650 0 |a Birds  |z Pennsylvania. 
999 |a MARS 
999 f f |s 9061ed1b-8ad7-30e5-b687-b8c53e3745a0  |i 16930934-0146-3f77-b0dd-e49947418430  |t 0 
952 f f |p ric  |a Texas A&M University  |b Rellis Campus  |c Joint Library Facility  |d Remote Storage  |t 0  |e QL684.P4 P6 1964  |h Library of Congress classification  |i unmediated -- volume  |m A14801022141 
952 f f |p noncirc  |a Texas A&M University  |b College Station  |c Cushing Memorial Library & Archives  |d Cushing: Kincaid/North America (Remote Storage: 2-3 day retrieval)  |t 0  |e QL684.P4 P6 1964  |h Library of Congress classification  |i unmediated -- volume 
998 f f |a QL684.P4 P6 1964  |t 0  |l Cushing: Kincaid/North America (Remote Storage: 2-3 day retrieval) 
998 f f |a QL684.P4 P6 1964  |t 0  |l Remote Storage